Ricostruisci la Carriera del Calciatore - Kaká - Statistics

Statistiche generali
  • Questo quiz è stato fatto 53 volte
  • Il punteggio medio è 5 su 6
Statistiche sulle risposte
Hint Risposta % Corretto
2009-2013 Real Madrid
94%
2001-2003 San Paolo
94%
2003-2009 Milan
91%
2013-2014 Milan
77%
2015-2017 Orlando City
66%
2014 San Paolo
40%
Nessun quiz corrispondente trovato
Distribuzione punteggi
Percentuale di utenti per punteggio
Percentile per numero di risposta
I tuoi punteggi nel tempo
Non hai fatto questo quiz